Central Library OPAC University of Rajshahi

The analytic S-matrix / (Record no. 9498)

MARC details
000 -LEADER
fixed length control field 00786cam a22002531 4500
001 - CONTROL NUMBER
control field 9498
003 - CONTROL NUMBER IDENTIFIER
rucl marc code BD-RjUL
005 - DATE AND TIME OF LATEST TRANSACTION
control field 20211208234805.0
008 - FIXED-LENGTH DATA ELEMENTS--GENERAL INFORMATION
fixed length control field 140121s1966 enka b 000 0 eng
035 ## - SYSTEM CONTROL NUMBER
System control number (BD-RjUL) 9543
040 ## - CATALOGING SOURCE
Original cataloging agency DLC/ICU
Transcribing agency ICU
Modifying agency DLC
-- BD-RjUL
Language of cataloging eng
041 ## - LANGUAGE CODE
Language code of text/sound track or separate title eng
082 00 - DEWEY DECIMAL CLASSIFICATION NUMBER
Classification number 539.721
Author mark and year ANA 1966
245 14 - TITLE STATEMENT
Title The analytic S-matrix /
Statement of responsibility, etc. by R.J. Eden ... [et.al].
260 ## - PUBLICATION, DISTRIBUTION, ETC. (IMPRINT)
Place of publication, distribution, etc. Cambridge :
Name of publisher, distributor, etc. Cambridge U.P.,
Date of publication, distribution, etc. 1966.
300 ## - PHYSICAL DESCRIPTION
Pagination viii, 287 p. :
Illustrations tables, diagrs. ;
Size 24 cm.
500 ## - GENERAL NOTE
General note Collaborators: R.J. Eden, P.V. Landshoff, D.I. Olive, J.C. Polkinghorne.
504 ## - BIBLIOGRAPHY, ETC. NOTE
Bibliography, etc Bibliography: p. 279-283.
650 #0 - SUBJECT ADDED ENTRY--TOPICAL TERM
Topical term or geographic name as entry element S-matrix theory.
9 (RLIN) 25677
700 ## - ADDED ENTRY--PERSONAL NAME
Personal name Eden, R. J.
Fuller form of name (Richard John)
942 ## - ADDED ENTRY ELEMENTS (KOHA)
Source of classification or shelving scheme Dewey Decimal Classification
Koha item type Books
Holdings
Lost status Source of classification or shelving scheme Damaged status Not for loan Collection code Permanent Location Current Location Shelving location Date acquired Source of acquisition Cost, normal purchase price Total Checkouts Full call number Date last seen Copy number Koha item type
  Dewey Decimal Classification     Non-fiction Central Library, University of Rajshahi Central Library, University of Rajshahi Reading Room 12/11/1973 Rajshahi Mitali prakashani 144.00   539.721 ANA 1966 21/01/2014 C-2 Books
  Dewey Decimal Classification   Not For Loan Non-fiction Central Library, University of Rajshahi Central Library, University of Rajshahi Reading Room 12/11/1973 Swets + Zetlinger 75.00   539.721 ANA 1966 25/01/2014 C-1 Books